Space Force Quiz - Statistics

General Stats
  • This quiz has been taken 44 times
  • The average score is 2 of 7
Answer Stats
Question Answer % Correct
What branch is the Space Force under? Air Force
97%
Which famous actor starred in a show aptly named Space Force? Steve Carell
50%
What number do the Roman Numerals mean on the flag? 2019
26%
Where is the headquarters of the Space Force? The Pentagon
24%
Who is the current first chief of space operations? John Raymond
18%
What branch preceded the Space Force from 1982? Air Force Space Command
8%
Which department originally made the proposal for the Space Force? The Department of Defense
8%
No matching quizzes found
Score Distribution
Percent of People with Each Score
Percentile by Number Answered
Your Score History
You have not taken this quiz